|
|
|
|
| LEADER |
00000nam0a2200000 4500 |
| 001 |
369219 |
| 005 |
20231102012148.0 |
| 035 |
|
|
|a (RuTPU)RU\TPU\retro\26601
|
| 090 |
|
|
|a 369219
|
| 100 |
|
|
|a 20220513d1932 m y0rusy50 ca
|
| 101 |
1 |
|
|a rus
|c ger
|
| 102 |
|
|
|a RU
|
| 105 |
|
|
|a a z 001zy
|
| 200 |
1 |
|
|a Где ошибка? Математические софизмы и ученические ошибки
|e пер. с нем.
|f В. Литцман, Ф. Трир
|g пер. С. Гальперсон ; под ред. А. В. Васильева
|
| 205 |
|
|
|a 2-е изд.
|
| 210 |
|
|
|a Москва
|a Ленинград
|c ГТТИ
|d 1932
|
| 215 |
|
|
|a 47 с.
|c ил.
|
| 606 |
1 |
|
|a Математика
|2 stltpush
|3 (RuTPU)RU\TPU\subj\67327
|9 83171
|
| 610 |
1 |
|
|a арифметика
|
| 610 |
1 |
|
|a алгебра
|
| 610 |
1 |
|
|a геометрия
|
| 610 |
1 |
|
|a ошибки
|
| 610 |
1 |
|
|a уравнения
|
| 610 |
1 |
|
|a планиметрия
|
| 610 |
1 |
|
|a софизмы
|
| 675 |
|
|
|a 51
|v 3
|
| 700 |
|
1 |
|a Литцман
|b В.
|
| 701 |
|
1 |
|a Трир
|b Ф.
|
| 702 |
|
1 |
|a Гальперсон
|b С.
|4 730
|
| 702 |
|
1 |
|a Васильев
|b А. В.
|4 340
|
| 801 |
|
1 |
|a RU
|b 63413507
|c 20220513
|
| 801 |
|
2 |
|a RU
|b 63413507
|c 20220519
|g RCR
|
| 942 |
|
|
|c BK
|